Μαθηματικά : γ' τάξης ενιαίου λυκείου θετική και τεχνολογική κατεύθυνση

Saved in:
Bibliographic Details
Corporate Author: Υπουργείο Εθνικής Παιδείας και Θρησκευμάτων Παιδαγωγικό Ινστιτούτο
Other Authors: Ανδρεαδάκης, Στυλιανός Α., 1933-
Format: Book
Language:Greek
Published: Αθήνα : Οργανισμός Εκδόσεως Διδακτικών Βιβλίων, 2001.
Edition:3η έκδ.
Subjects:
Tags: Add Tag
No Tags, Be the first to tag this record!

MARC

LEADER 00000cam a2200000 i 4500
001 1/74160
008 050323s2001 gr | ||| |||| ||gre||
035 |l 10077300 
040 |a GR-MyUA  |b gre  |e AACR2 
041 0 |a gre 
082 0 |a 510.7  |2 (21) 
245 1 0 |a Μαθηματικά :   |b γ' τάξης ενιαίου λυκείου θετική και τεχνολογική κατεύθυνση /   |c Ανδρεαδάκης Στυλιανός ... [κ. α.]  
250 |a 3η έκδ.  
260 |a Αθήνα :   |b Οργανισμός Εκδόσεως Διδακτικών Βιβλίων,   |c 2001.  
300 |a 390 σ. :   |b εικ. ;   |c 24 εκ.  
650 0 0 |a Mathematics  |x Study and teaching (Higher)  |z Greece. 
650 0 0 |a Algebra  |x Study and teaching (Higher)  |z Greece. 
650 0 0 |a Mathematical analysis  |x Study and teaching (Higher)  |z Greece. 
700 1 |a Ανδρεαδάκης, Στυλιανός Α.,   |d 1933- 
710 2 |a Υπουργείο Εθνικής Παιδείας και Θρησκευμάτων  |b Παιδαγωγικό Ινστιτούτο. 
852 |a INST  |b SAMOS  |e 20050323  |h 510.7 ΜΑΘ  |p 005300025310  |q 005300025310  |t BK  |y 0 
901 |a BIBL3-2005-1 
909 |a Σ  |b 114384 
970 |a ΜΑΛΑΓΑΡΗ  |b ΦΩΤΕΙΝΗ  |z 2005/03/23